Music Quiz

Random Music or Rap Quiz
Score 0/17 Timer 05:00
0 Plays Today
Year Album % Correct
2004Tha Carter
94.4%
2005Tha Carter II
83.3%
2020Funeral
83.3%
2008Tha Carter III
77.8%
2018Tha Carter V
77.8%
2010Rebirth
72.2%
2010I Am Not a Human Being
72.2%
2011Tha Carter IV
72.2%
2013I Am Not a Human Being II
61.1%
Year Album % Correct
2015Free Weezy Album
55.6%
1999Tha Block Is Hot
50%
2000Lights Out
44.4%
2006*Like Father Like Son
44.4%
2002500 Degreez
38.9%
2013***Rich Gang
27.8%
2009**We Are Young Money
27.8%
2014**Rise of an Empire
16.7%
Remove Ads.
Support Sporcle.
Get the best of Sporcle when you Go Orange. This ad-free experience offers more features, more stats, and more fun while also helping to support Sporcle. Thank you for becoming a member.

You're not logged in!

Compare scores with friends on all Sporcle quizzes.
OR
Log In

Sporcle TV

Today on Sporcle TV


Watch our educational content, quiz creation guides, and fun videos on Sporcle TV.

Show Comments

Extras

Top Quizzes Today


Score Distribution

Paid Content

Your Account Isn't Verified!

In order to create a playlist on Sporcle, you need to verify the email address you used during registration. Go to your Sporcle Settings to finish the process.

Report this User

Report this user for behavior that violates our Community Guidelines.

Details: